| 000 | 01085nam a2200265Ia 4500 | ||
|---|---|---|---|
| 003 | OSt | ||
| 005 | 20221005104817.0 | ||
| 006 | a|||||r|||| 00| 0 | ||
| 007 | ta | ||
| 008 | 221004b |||||||| |||| 00| 0 san d | ||
| 020 |
_a9789387195721 (hbk) _cINR 595.00 |
||
| 024 | _a68194 | ||
| 037 |
_b342, 04/03/2020, Shivalik Prakashan _cTextual |
||
| 040 |
_aCRL _cCRL _bsan |
||
| 041 |
_2san _asan |
||
| 082 | _aO15:gx8,1:g, 152Q9 | ||
| 100 | _aशर्मा, आकांक्षा, संपा. | ||
| 245 | 0 |
_aमम्मट की काव्यविषयक अवधारणा _b एक अनुशीलन |
|
| 246 | _aMammaṭ kī kāvyaviṣhayak avadhāraṇā: ek anushīlana | ||
| 260 |
_aदिल्ली _bशिवालिक प्रकाशन भारत _c2019 |
||
| 300 |
_a176पृ0 _ccm. |
||
| 650 | _aसंस्कृत साहित्य | ||
| 942 |
_hO15:gx8,1:g, 152Q9 _cTEXL _2cc |
||
| 999 |
_c1013866 _d1013866 |
||